Guess the NON-ALBUM Singles - Statistics

General Stats
  • This quiz has been taken 21 times
  • The average score is 8 of 23
Answer Stats
Picture Hint Answer % Correct
Kendrick Lamar Not Like Us
100%
Travis Scott HIGHEST IN THE ROOM
80%
A$AP Rocky Sundress
65%
Drake Push Ups
55%
Eminem Killshot
50%
Tommy Richman MILLION DOLLAR BABY
50%
Frank Ocean Chanel
35%
Travis Scott, M.I.A. & Young Thug FRANCHISE
35%
Baby Keem & Kendrick Lamar The Hillbillies
35%
Pharrell, Tyler, The Creator & 21 Savage Cash In Cash Out
30%
Lil Nas X Holiday
30%
Drake & Lil Durk Laugh Now, Cry Later
30%
Kanye West Lift Yourself
25%
Tyler, The Creator & A$AP Rocky Potato Salad
25%
Drake Search & Rescue
25%
Travis Scott, Kanye West &Lil Uzi Vert Watch
25%
Tyler, The Creator BEST INTEREST
20%
Pusha T The Story of Adidon
20%
XXXTENTACION & Laura Mvula vice city
20%
Kanye West XTCY
20%
Drake Back To Back
15%
Doechii ANXIETY
10%
Lil Baby Right On
5%
No matching quizzes found
Score Distribution
Percent of People with Each Score
Percentile by Number Answered
Your Score History
You have not taken this quiz